দুই জীবনের দহন / (Record no. 14511)
[ view plain ]
| 000 -LEADER | |
|---|---|
| fixed length control field | 00780nam a22002297a 4500 |
| 001 - CONTROL NUMBER | |
| JCCL Control Number | 14511 |
| 003 - CONTROL NUMBER IDENTIFIER | |
| JCCL marc code | BD-JhCC |
| 005 - DATE AND TIME OF LATEST TRANSACTION | |
| control field | 20260127110759.0 |
| 008 - FIXED-LENGTH DATA ELEMENTS--GENERAL INFORMATION | |
| fixed length control field | 260127b |||||||| |||| 00| 0 eng d |
| 020 ## - INTERNATIONAL STANDARD BOOK NUMBER | |
| International Standard Book Number | 9789849587842 |
| 035 ## - SYSTEM CONTROL NUMBER | |
| system control number | (BD-JhCC) 14511 |
| 040 ## - CATALOGING SOURCE | |
| Original cataloging agency | BD-JhCC |
| Modifying agency | BD-JhCC |
| 041 ## - LANGUAGE CODE | |
| Language code of Book | Bangla |
| 082 ## - DEWEY DECIMAL CLASSIFICATION NUMBER | |
| DDC Edition number | 23 |
| Classification number | 891.443 |
| Author mark and Year | ARI 2022 |
| 100 ## - MAIN ENTRY--PERSONAL NAME | |
| Personal name | আরিফ মজুমদার |
| 245 ## - TITLE STATEMENT | |
| Title | দুই জীবনের দহন / |
| Statement of responsibility, etc | আরিফ মজুমদার |
| 246 ## - VARYING FORM OF TITLE | |
| Title proper/short title | Dui Jiboner Dahan |
| 260 ## - PUBLICATION, DISTRIBUTION, ETC. (IMPRINT) | |
| Place of publication, distribution, etc | ঢাকাঃ |
| Name of publisher, distributor, etc | প্রজন্ম, |
| Date of publication, distribution, etc | ২০২২ |
| 300 ## - PHYSICAL DESCRIPTION | |
| Pagination | ১৯১ পৃ.; |
| Dimensions | ২২ সেমি. |
| Accompanying material | পেপার বাইণ্ডিং |
| 650 ## - SUBJECT ADDED ENTRY--TOPICAL TERM | |
| Topical term or geographic name as entry element | বাংলা সাহিত্য - উপন্যাস |
| 942 ## - ADDED ENTRY ELEMENTS (KOHA) | |
| Source of classification or shelving scheme | Dewey Decimal Classification |
| Koha item type | Books |
| Source of classification or shelving scheme | Damaged status | Not for loan | Collection code | Home library | Current library | Shelving location | Date of accession | Cost, normal purchase price | Total Checkouts | Full call number | Barcode | Date last seen | Copy number | Method of acquisition | Koha item type | Currency | Checked out | Date checked out |
|---|---|---|---|---|---|---|---|---|---|---|---|---|---|---|---|---|---|---|
| Dewey Decimal Classification | Fiction | JCC Rouf Library | JCC Rouf Library | General Stacks | 01/27/2026 | 403.00 | 891.443 ARI 2022 | 20413 | 01/27/2026 | C-1 | Purchase | Books | BDT | |||||
| Dewey Decimal Classification | Fiction | JCC Rouf Library | JCC Rouf Library | General Stacks | 01/27/2026 | 403.00 | 1 | 891.443 ARI 2022 | 20414 | 02/05/2026 | C-2 | Purchase | Books | BDT | 03/03/2026 | 02/05/2026 |